| 000 | 00510nam a2200169 i 4500 | ||
|---|---|---|---|
| 001 | 79531 | ||
| 003 | ES-MaACL | ||
| 005 | 20230906174010.0 | ||
| 007 | t| | ||
| 008 | 041021s1925 sp ||||1| spa d | ||
| 100 | 1 |
_aHerce, Félix. _962672 |
|
| 245 | 1 | 3 |
_aLa medicina humorística / _cFélix Herce ; prólogo de J. Sánchez Banis. |
| 260 |
_aMadrid : _b[s.n.], _c1925 ( _fTalleres Poligráficos) |
||
| 300 |
_a89 p. ; _c16 cm. |
||
| 700 | 1 |
_aSánchez Bamis, J. _9102479 |
|
| 852 |
_aES-MaACL _j1676-F-16 _bR.4985 |
||
| 999 |
_c79531 _d79531 |
||